000 00216 a2200097 4500
001 2011
100 _aBurghardt, H D
245 _aMachine tool operation Part II.
260 _a
_bMc Graw Hill
_c
090 _c1488
_d1488
942 _aNUST-CAE
_cM
_c5424
999 _c237084
_d237084